Every SNL Cast Member Ever - Statistics

General Stats
  • This quiz has been taken 116 times
    45 since last reset
  • The average score is 70 of 172
Answer Stats
Years in the Cast Cast Member % Correct
2001-2014 Seth Meyers
94%
2001-2008 Amy Poehler
89%
1975-1979 Dan Aykroyd
89%
2005-2012 Kristen Wiig
89%
2000-2006 Tina Fey
89%
2014-Present Colin Jost
83%
1975-1979 John Belushi
83%
2003-Present Kenan Thompson
83%
2014-Present Michael Che
83%
1989-1995 Mike Myers
83%
1991-1995 Adam Sandler
78%
2012-2022 Aidy Bryant
78%
2005-2012 Andy Samberg
78%
1977-1980 Bill Murray
78%
2019-Present Bowen Yang
78%
1990-1993 Chris Rock
78%
1983-1985 Jim Belushi
78%
1998-2004 Jimmy Fallon
78%
2012-2022 Kate McKinnon
78%
2016-Present Mikey Day
78%
1995-2002 Will Ferrell
78%
1975-1976 Chevy Chase
72%
2018-Present Ego Nwodim
72%
1975-1980 Gilda Radner
72%
1982-1985 Julia Louis-Dreyfus
72%
2000-2007 Maya Rudolph
72%
2002-2010 Will Forte
72%
2005-2018 Bill Hader
67%
2012-2022 Cecily Strong
67%
1995-2000 Cheri Oteri
67%
2019-Present Chloe Fineman
67%
1986-1993 Dana Carvey
67%
1990-1996 David Spade
67%
1980-1984 Eddie Murphy
67%
2017-2025 Heidi Gardner
67%
1975-1980 Jane Curtin
67%
1999-2006 Rachel Dratch
67%
1985-1986 Robert Downey Jr
67%
1991-2000 Tim Meadows
67%
2020-Present Andrew Dismukes
61%
1990-1995 Chris Farley
61%
1996-2003 Chris Kattan
61%
1995-2001 Molly Shannon
61%
1993-1998 Norm Macdonald
61%
2014-2022 Pete Davidson
61%
2021-Present Sarah Sherman
61%
1996-2002 Ana Gasteyer
56%
1985-1986 Anthony Michael Hall
56%
2002-2013 Fred Armisen
56%
2024-Present Jane Wickline
56%
2005-2013 Jason Sudeikis
56%
2010-2016 Jay Pharoah
56%
1986-1995 Kevin Nealon
56%
1975-1980 Laraine Newman
56%
2014-2019 Leslie Jones
56%
2022-Present Marcello Hernandez
56%
2016-2022 Melissa Villasenor
56%
2022-2025 Michael Longfellow
56%
1990-1994 Rob Schneider
56%
2010-2017 Vanessa Bayer
56%
2013-2021 Beck Bennett
50%
2008-2017 Bobby Moynihan
50%
1985-1991 Dennis Miller
50%
1986-1991 Jan Hooks
50%
1990-1994 Julia Sweeney
50%
2013-2022 Kyle Mooney
50%
1986-1994 Phil Hartman
50%
2020-2024 Punkie Johnson
50%
1993-1994 Sarah Silverman
50%
1996-2003 Tracy Morgan
50%
2008-2012 Abby Elliot
44%
1979-1980,1986, 1988-1995 Al Franken
44%
2024-Present Ashley Padilla
44%
1994-1995 Chris Elliot
44%
1996-2000 Colin Quinn
44%
1975-1980 Garret Morris
44%
1998-2006 Horatio Sanz
44%
1985-1990 Jon Lovitz
44%
1984-1985 Martin Short
44%
1986-1992 Victoria Jackson
44%
2025-Present Ben Marshall
39%
1984-1985 Billy Crystal
39%
1998-2006 Chris Parnell
39%
1995-2009 Darrell Hammond
39%
1991-1995 Ellen Cleghorne
39%
2021-Present James Austin Johnson
39%
1993-1995 Jay Mohr
39%
1985-1990 Nora Dunn
39%
2010-2016 Taran Killam
39%
1980-1982 Brian Doyle-Murray
33%
2023-2024 Chloe Troast
33%
2017-2022 Chris Redd
33%
2022-2025 Devon Walker
33%
2024-2025 Emil Wakim
33%
1980-1981 Gilbert Gottfried
33%
1995-1998 Jim Breuer
33%
1985-1986 Joan Cusack
33%
1994-1995 Michael McKean
33%
2009-2014 Nasim Pedrad
33%
1985-1986 Randy Quaid
33%
2016-2022 Alex Moffat
28%
1980-1981 Charles Rocket
28%
1984-1985 Christopher Guest
28%
1985-1986 Damon Wayans
28%
1980-1981 Denny Dillon
28%
2009-2010 Jenny Slate
28%
2025-Present Jeremy Culhane
28%
1980-1984 Joe Piscopo
28%
2025-present Kam Patterson
28%
2004-2005 Rob Riggle
28%
2014-2017 Sasheer Zamata
28%
1981-1984 Tim Kazurinsky
28%
2012-2013 Tim Robinson
28%
1979-1980 Tom Davis
28%
2025-Present Veronika Slowikowska
28%
1989 Ben Stiller
22%
1995-1996 David Koechner
22%
2003-2006 Finesse Mitchell
22%
1979-1980,1984-1985 Harry Shearer
22%
1980 Jim Downey
22%
1991-1994 Melanie Hutsell
22%
1975 Michael O'Donoghue
22%
2022-2024 Molly Kearney
22%
1995-1996 Nancy Walls
22%
1979-1980 Paul Shaffer
22%
1981-1984 Robin Duke
22%
1985-1986 Terry Sweeney
22%
2025-Present Tommy Brennan
22%
1980 Alan Zweibel
17%
2021-2022 Aristotle Athari
17%
2008-2009 Casey Wilson
17%
1981-1982 Christine Ebersole
17%
1985-1986 Danitra Vance
17%
1979-1980,1985-1986 Don Novello
17%
1980-1981 Gail Matthius
17%
1994-1995 Janeane Garofalo
17%
2001-2004 Jeff Richards
17%
1981 Laurie Metcalf
17%
1995-1997 Mark McKinney
17%
1981-1985 Mary Gross
17%
2013-2014 Mike O'Brien
17%
2013-2014 Noel Wells
17%
1991-1993 Robert Smigel
17%
1980-1981 Ann Risley
11%
1982-1984 Brad Hall
11%
2013-2014 Brooks Wheelan
11%
1995-1997 Fred Wolf
11%
1975 George Coe
11%
2000-2001 Jerry Minor
11%
1994-1995 Laura Kightlinger
11%
2008-2009 Michaela Watkins
11%
1984-1985 Pamela Stephenson
11%
1991-1992 Siobhan Fallon
11%
1980 Tom Schiller
11%
1981-1982 Tony Rosato
11%
1986-1991 Alan Whitney Brown
6%
1991-1992 Beth Cahill
6%
1985-1986 Dan Vitale
6%
2001-2003 Dean Edwards
6%
1981 Emily Prager
6%
1982-1985 Gary Kroeger
6%
2013-2014 John Milhiser
6%
2015-2016 Jon Rudnitsky
6%
2020-2021 Lauren Holt
6%
2017-2018 Luke Null
6%
1980-1981 Matthew Laurance
6%
1995 Morwenna Banks
6%
1980-1981 Patrick Weathers
6%
2010-2012 Paul Brittain
6%
1980 Peter Akroyd
6%
1984-1985 Rich Hall
6%
1980-1981 Yvonne Hudson
6%
No matching quizzes found
Score Distribution
Percent of People with Each Score
Percentile by Number Answered
Your Score History
You have not taken this quiz since the last reset